Ještě jednou Šťastné a veselé nejkrásnější vánoční písně 2

Další autoři: Pokorný, Pavel, 1948-2011, Brzobohatý, Radoslav, 1932-2012
Jazyk: Čeština
Vydáno: [Praha] : Universal Music, c2013
Témata:
Fyzický popis: 1 zvuková deska : digital ; 12 cm
Zvukové nahrávky
Uloženo v:
LEADER 02020njm a2200481 a 4500
001 001371470
003 CZ BrMZK
005 20140326103208.0
007 sd fsngnnmmned
008 140304p20131997xr munng n cze d
015 |a cnb002519039 
024 1 |a 602537555574 
028 0 1 |a 375555-7  |b Universal Music 
040 |a BOA001  |b cze 
043 |a e-xr---  |a e-uk-en 
047 |a cr  |a sg 
072 7 |a 784  |x Vokální hudba  |2 Konspekt  |9 9 
080 |a 783.65.088  |2 MRF 
080 |a 783.28.088  |2 MRF 
080 |a (410.1)  |2 MRF 
080 |a (437.3)  |2 MRF 
080 |a (086.76)  |2 MRF 
245 0 0 |a Ještě jednou Šťastné a veselé  |h [zvukový záznam] :  |b nejkrásnější vánoční písně 2 
246 3 |a Šťastné a veselé 
246 3 0 |a Nejkrásnější vánoční písně 2 
260 |a [Praha] :  |b Universal Music,  |c c2013 
300 |a 1 zvuková deska :  |b digital ;  |c 12 cm 
500 |a Úprava písní (kromě č. 14 a 15) Pavel Anděl Pokorný 
500 |a Fonogram p1997 Venkow Records, Universal Music 
500 |a Kompaktní deska 
505 0 0 |t Zaslechli jsme anděly --  |t Koleda o králi --  |t Čapí koleda --  |t Sním, jak se toulám --  |t Kouzelná noc --  |t Zdobte chrám --  |g Směs lidových koled.  |t Tři králové --  |t Malý bubeník --  |t Svatá noc --  |g Směs českých lidových koled --  |t Bůh vám dej --  |t Tři lodě  |g Bonus.  |t Nad horama vyšla hvězda ;  |t Vánoční 
511 1 |a Radoslav Brzohohatý a další 
650 0 7 |a koledy, úpravy  |7 ph312539  |2 czenas 
650 0 7 |a koledy  |7 ph121707  |z Anglie  |2 czenas 
650 0 7 |a koledy  |7 ph121707  |z Česko  |2 czenas 
650 0 7 |a vánoční písně, úpravy  |7 ph315294  |2 czenas 
655 7 |a kompaktní desky  |7 fd201991  |2 czenas 
700 1 |a Pokorný, Pavel,  |d 1948-2011  |7 xx0142433  |4 arr  |4 itr  |4 sng 
700 1 |a Brzobohatý, Radoslav,  |d 1932-2012  |7 jn19990009812  |4 sng 
910 |a BOA001  |b CDR-1320.565 
990 |a AV 
991 |b 201403 
996 6 |b 2610584378  |c CDR-1320.565  |l MZK  |r Sklad / do 24 hodin  |n 0  |p p.v.  |w 001406532  |u 000010  |a 1  |e BOA001  |j MZK50  |s P